| 000 | 00896nam a2200265 a 4500 | ||
|---|---|---|---|
| 003 | MX-MxUPN | ||
| 005 | 20250114151944.0 | ||
| 008 | 991125s1883 sp jr 000 0 spa d | ||
| 035 | _aUPN01000026394 | ||
| 040 |
_aMX-MxUPN _bspa _cMX-MxUPN |
||
| 041 | _aspa | ||
| 050 | 1 | 4 |
_aPA2087 _bM53 1883 |
| 100 | 1 |
_aMiguel, Raimundo de, _d1816-1878 _952400 |
|
| 245 | 1 | 0 | _aGramática hispano-latina, teórico-práctica para el estudio simultáneo de las lenguas latina y castellana comparadas |
| 250 | _aVigésima segunda edición | ||
| 260 |
_aMadrid : _bAgustín Jubera, _c1883. |
||
| 300 | _a299 páginas | ||
| 650 | 4 |
_aLatín _xEstudio y enseñanza _923836 |
|
| 650 | 4 |
_aLatín _952403 _vLibros de texto |
|
| 650 | 4 |
_aEspañol _xGramática _xEstudio y enseñanza _99372 |
|
| 650 | 4 |
_aEspañol _917036 _vLibros de texto |
|
| 902 | _bMaríaRobles/130424 | ||
| 905 | _aLibro | ||
| 942 |
_2lcc _cLIBRO _n0 |
||
| 999 |
_c26394 _d26394 |
||